00497as aa2200109a 44500090002000000245004400020260009700064041001400161942001200175999001700187952018300204 aSERIADASb0147810aRevista de investigación geográfica bUniversidad de Nariño. Facultad de Ciencias Humanas. Departamento de GeografíaaColombia0 aEspañol cREVISTA c17243d17243 001040708HEMEROTECAA2003B5C4IINV2017aVillabVillad2004-06-30eUniversidad de Nariñol0oSERIADAS 01478p016227r2015-03-25 00:00:00t1w2015-03-25xDonaciónyREVISTA